000 01107nas a2200361 4500
001 BR0405475
003 BR-BrBNA
005 20231205104958.0
007 ta
008 230509b bl.|||p| |||| 00| 00por d
040 _aBR-BrBNA
_bpor
_cBiblioteca Nacional de Agricultura
041 _a(Pt)
072 _aL73; L74; L70
100 1 _aIgayara-Souza, C.A.
100 1 _aGenovez, M.E.
100 1 _aFerreira, F.
100 1 _aPaulin, L.M.
100 1 _aScarcelli, E.
100 1 _aCardoso, M.V.
100 1 _aTurilli, C.
245 1 _aOcorrência de anticorpos anti-Chlamydophila em bovinos e avaliação de possível relação com distúrbios reprodutivos em São Paulo, Brasil
650 _aBOVINO
650 _aANTICORPO
650 _aABORTO
650 _aDIAGNÓSTICO
650 _aCLAMIDIOSE
650 _aANÁLISE ESTATÍSTICA
650 _aETIOLOGIA
650 _aSÃO PAULO
773 0 _tRevista Brasileira de Reprodução Animal (Brazil)
_xISSN 0102-0803
_g(Jan-Mar 2004), v. 28(1) p. 28-33
_wBR0405475
909 _a202311
_bLúcia
_c55
_dLúcia Elande
942 _2AGRIS
_n0
_cANA
999 _c180604
_d180604